| 000 | 00484nam a2200133 a 4500 | ||
|---|---|---|---|
| 001 | 000039299 | ||
| 005 | 20201002031603.0 | ||
| 008 | 130621s2013 dr c 000 0 spa d | ||
| 040 |
_aDO-SdBNP _bspa _cBNPHU |
||
| 100 | 1 |
_aGonzález, Narciso _cNarcisazo _965493 |
|
| 245 | 1 | 0 |
_aJuan Pablo Duarte : _bprincipios para un gran final / _cNarciso González. |
| 260 |
_aSanto Domingo : _bSociedad de Animadores de la Cultura y la Democrácia (SACUDE), _c2013. |
||
| 300 |
_a24 P. : _bretrs. ; _c23 cm. |
||
| 999 |
_c38789 _d38789 |
||